[Event "U.S. Amateur North"]
[Site "Detroit, MI"]
[Date "1997.05.25"]
[Round "5.28"]
[White "Mahabir, Naresh"]
[Black "Dolin, Jack"]
[Result "1/2-1/2"]
[WhiteElo "999"]
[BlackElo "1336"]
[PlyCount "91"]
[EventDate "1997.05.24"]

1. e4 e5 2. Nf3 Nc6 3. d4 d6 4. d5 Nce7 5. h3 c6 6. c4 cxd5 7. cxd5 Qa5+ 8. Nc3
Nf6 9. Bd3 g6 10. O-O Bg7 11. Bg5 O-O 12. Qd2 Bd7 13. Rac1 Rfc8 14. Bh6 Bxh6
15. Qxh6 Qd8 16. Rc2 Rc7 17. Rfc1 Rac8 18. Qg5 Kg7 19. Qe3 b5 20. a3 Nh5 21.
Ne2 Rxc2 22. Rxc2 Rxc2 23. Bxc2 Qc8 24. Bd3 a6 25. Kh2 f5 26. b3 fxe4 27. Bxe4
Nf5 28. Bxf5 Bxf5 29. g4 Bxg4 30. hxg4 Qxg4 31. Ng3 Nf4 32. Kg1 h5 33. Kf1 h4
34. Ne2 Qg2+ 35. Ke1 Qh1+ 36. Kd2 Ng2 37. Qa7+ Kh6 38. Qb8 Kh5 39. Qd8 Kg4 40.
Neg1 Kf4 41. Kd3 Ne1+ 42. Ke2 Nxf3 43. Qf6+ Ke4 44. Nxf3 Kxd5 45. Nxh4 Qe4+ 46.
Kf1 1/2-1/2

[Event "U.S. Amateur North"]
[Site "Detroit, MI"]
[Date "1997.05.25"]
[Round "4.34"]
[White "Lueer, Michael"]
[Black "Shukla, Ravi"]
[Result "0-1"]
[WhiteElo "1045"]
[BlackElo "945"]
[PlyCount "70"]
[EventDate "1997.05.24"]

1. d4 d5 2. e4 c6 3. Nc3 Nf6 4. f3 Nbd7 5. e5 Ng8 6. Bd3 Nb6 7. Nge2 f6 8. f4
Bg4 9. O-O e6 10. h3 Bh5 11. g4 Bg6 12. Bxg6+ hxg6 13. Qd3 fxe5 14. Qxg6+ Ke7
15. fxe5 Kd7 16. Bg5 Be7 17. Qxg7 Rxh3 18. Nf4 Rg3+ 19. Kh2 Rxg4 20. Nxe6 Qe8
21. Nf8+ Kc8 22. Qf7 Qxf7 23. Rxf7 Bxg5 24. Nd7 Nxd7 25. e6 Ndf6 26. Rf8+ Ne8
27. Rxg8 Bf4+ 28. Kh3 Rxg8 29. Rf1 Be3 30. e7 Bh6 31. Ne2 Kd7 32. Rf8 Nd6 33.
Kh2 Rh8 34. e8=Q+ Rxe8 35. Rxh8 Rxh8 {Remainder illegible, 37?} 0-1

[Event "U.S. Amateur North"]
[Site "Detroit, MI"]
[Date "1997.05.25"]
[Round "4.3"]
[White "LaForge, Tom"]
[Black "Williams, Ron"]
[Result "1-0"]
[WhiteElo "1966"]
[BlackElo "1918"]
[PlyCount "91"]
[EventDate "1997.05.24"]

1. e4 c5 2. Nf3 Nc6 3. d4 cxd4 4. Nxd4 e6 5. Nc3 a6 6. g3 Nge7 7. Bg2 Nxd4 8.
Qxd4 Nc6 9. Qd1 Be7 10. O-O O-O 11. Be3 Rb8 12. a4 b6 13. Qe2 Bf6 14. f4 Bxc3
15. bxc3 Qc7 16. Rab1 Na5 17. Rb4 Nc6 18. Rb2 Na5 19. Rb4 Nc6 20. Rbb1 Na5 21.
Bd4 d6 22. e5 d5 23. f5 exf5 24. Qf2 b5 25. axb5 axb5 26. Bxd5 Be6 27. Bxe6
fxe6 28. Bc5 Rfd8 29. Bd6 Rxd6 30. exd6 Qxd6 31. Rfd1 Qc7 32. Qe3 Kf7 33. Qd4
Rb7 34. g4 Nc4 35. gxf5 exf5 36. Qd5+ Kf6 37. Qd8+ Qxd8 38. Rxd8 Ne3 39. Rb2
Kg5 40. Rd4 Nc4 41. Rxc4 f4 42. Rc5+ Kg4 43. Rbxb5 Rd7 44. Rd5 Ra7 45. Kg2 f3+
46. Kf2 1-0

[Event "U.S. Amateur North"]
[Site "Detroit, MI"]
[Date "1997.05.25"]
[Round "5.1"]
[White "LaForge, Tom"]
[Black "Jarosz, Stan"]
[Result "1-0"]
[WhiteElo "1966"]
[BlackElo "2035"]
[PlyCount "113"]
[EventDate "1997.05.24"]

1. e4 c5 2. Nf3 e6 3. d4 cxd4 4. Nxd4 Nf6 5. Nc3 d6 6. g3 Be7 7. Bg2 O-O 8. O-O
a6 9. h3 Qc7 10. Be3 Nc6 11. f4 Na5 12. Nce2 Nc4 13. Bc1 e5 14. b3 exd4 15.
bxc4 Qxc4 16. Qd3 Qxd3 17. cxd3 Nd7 18. Bb2 Nc5 19. Rfd1 Bd7 20. Bxd4 Bb5 21.
Nc3 Bc6 22. Bf1 Ne6 23. Bf2 Bf6 24. Rac1 Nd4 25. Nd5 Bxd5 26. exd5 Rac8 27. Rc4
Nb5 28. Rdc1 Rxc4 29. dxc4 Nc3 30. Rc2 Re8 31. Kg2 Nd1 32. Re2 Rxe2 33. Bxe2
Nc3 34. Bg4 Nxa2 35. Bc8 a5 36. Bxb7 a4 37. c5 dxc5 38. Bxc5 Nc3 39. d6 Nb5 40.
Be4 Bd8 41. Bc6 Nc3 42. Kf3 f5 43. Ke3 Kf7 44. Kd3 Ne4 45. Bxe4 fxe4+ 46. Kxe4
Ke6 47. f5+ Kd7 48. Kd5 Bf6 49. Ba3 h5 50. g4 hxg4 51. hxg4 Bc3 52. g5 Ba1 53.
g6 Bf6 54. Kc5 Be5 55. Kb5 Bxd6 56. f6 gxf6 57. g7 1-0

[Event "U.S. Amateur North"]
[Site "Detroit, MI"]
[Date "1997.05.25"]
[Round "4.6"]
[White "LaFata, Sam"]
[Black "Hill, Brad"]
[Result "1/2-1/2"]
[WhiteElo "2019"]
[BlackElo "1743"]
[PlyCount "57"]
[EventDate "1997.05.24"]

1. d4 d6 2. Nf3 Bg4 3. Nbd2 g6 4. h3 Bxf3 5. Nxf3 f5 6. e3 Nf6 7. c3 Bg7 8. Bd3
O-O 9. Qb3+ d5 10. Qxb7 Nbd7 11. Qc6 Rb8 12. O-O Nb6 13. c4 dxc4 14. Bxc4+ Nxc4
15. Qxc4+ Kh8 16. Ne5 Qd6 17. b3 Ne4 18. Qc2 c5 19. Ba3 Rbc8 20. Rac1 Qa6 21.
Nc4 cxd4 22. exd4 Rxc4 23. bxc4 Qxa3 24. Rfd1 Rc8 25. c5 Rc6 26. f3 Qe3+ 27.
Kh2 Qf4+ 28. Kg1 Qe3+ 29. Kh2 1/2-1/2

[Event "U.S. Amateur North"]
[Site "Detroit, MI"]
[Date "1997.05.25"]
[Round "5.29"]
[White "Kyser, Bob"]
[Black "Maldonado, Diana"]
[Result "1/2-1/2"]
[WhiteElo "1182"]
[BlackElo "535"]
[PlyCount "101"]
[EventDate "1997.05.24"]

1. d4 d5 2. c4 dxc4 3. Nc3 Nc6 4. Nf3 Nf6 5. e4 Bg4 6. Be3 Bxf3 7. gxf3 e5 8.
d5 Nb4 9. Qa4+ c6 10. dxc6 bxc6 11. Bxc4 Be7 12. Rd1 Qc8 13. a3 Rb8 14. axb4
Rxb4 15. Bxf7+ Kxf7 16. Qa2+ Qe6 17. Qxa7 Re8 18. Rd2 Kf8 19. Bc5 Rb3 20. Bxe7+
Rxe7 21. Qc5 Nd7 22. Qe3 c5 23. Ke2 c4 24. Rc1 Re8 25. Nd5 Rxe3+ 26. Kxe3 Qh6+
27. f4 exf4+ 28. Nxf4 Nc5 29. Rxc4 Nb3 30. Rd3 Na5 31. Rc5 Nb7 32. Rb5 Qf6 33.
Rf5 Qxf5 34. Kf3 Qxe4+ 35. Kg4 Qxd3 36. Nxd3 Re4+ 37. Kg3 g5 38. f3 Re3 39. Nf2
h5 40. h3 Nc5 41. b4 Nd3 42. Ne4 g4 43. hxg4 hxg4 44. Kxg4 Nxb4 45. Kf4 Nd5+
46. Ke5 Rxf3 47. Kxd5 Rf5+ 48. Ke6 Rf7 49. Ng5 Re7+ 50. Kf6 Ke8 51. Ne6 1/2-1/2

[Event "U.S. Amateur North"]
[Site "Detroit, MI"]
[Date "1997.05.25"]
[Round "4.12"]
[White "King, Kenny"]
[Black "Garant, Justin"]
[Result "0-1"]
[WhiteElo "1476"]
[BlackElo "1906"]
[PlyCount "68"]
[EventDate "1997.05.24"]

1. d4 Nf6 2. c4 g6 3. g3 Bg7 4. Bg2 O-O 5. Nf3 d5 6. cxd5 Nxd5 7. e4 Nb6 8. h3
Nc6 9. Be3 Nc4 10. Qb3 Nxd4 11. Nxd4 Bxd4 12. Qxc4 Bxb2 13. O-O Bxa1 14. Nc3
Be6 15. Qb4 Bxc3 16. Qxc3 f6 17. Bh6 Rf7 18. f4 c6 19. g4 Qb6+ 20. Kh2 Rd8 21.
f5 Bc8 22. g5 Qd4 23. Qf3 Qe5+ 24. Kh1 fxg5 25. Bxg5 gxf5 26. Qh5 Qg7 27. Rg1
Qg6 28. Qh4 Qd6 29. Bf4 Qe6 30. Bh6 Rf6 31. exf5 Rxh6 32. Qg3+ Rg6 33. fxg6
hxg6 34. Bf3 Qxh3+ 0-1

[Event "U.S. Amateur North"]
[Site "Detroit, MI"]
[Date "1997.05.25"]
[Round "4.11"]
[White "King, Billy"]
[Black "Andreas, Peter"]
[Result "1/2-1/2"]
[WhiteElo "1325"]
[BlackElo "1968"]
[PlyCount "114"]
[EventDate "1997.05.24"]

1. e4 Nf6 2. e5 Nd5 3. d4 d6 4. c4 Nb6 5. f4 dxe5 6. fxe5 Nc6 7. Nf3 Bg4 8. Be3
e6 9. Be2 Bxf3 10. gxf3 Qh4+ 11. Bf2 Qf4 12. Qd2 Bb4 13. Nc3 Qxd2+ 14. Kxd2
O-O-O 15. a3 Be7 16. f4 Nxd4 17. Bxd4 Rxd4+ 18. Ke3 Rd7 19. Rhd1 Rxd1 20. Rxd1
Rd8 21. Rxd8+ Kxd8 22. Kd3 Nd7 23. Ne4 Nf8 24. b4 a5 25. c5 axb4 26. axb4 b6
27. Kc4 bxc5 28. bxc5 Ng6 29. Bh5 Nxf4 30. Bxf7 Bh4 31. c6 Ke7 32. Bg8 h6 33.
Nc5 g5 34. Na6 Kd8 35. Nc5 Ke7 36. Na6 Nd5 37. Nc5 Ne3+ 38. Kd4 Nf5+ 39. Ke4
Ng7 40. Na6 Kd8 41. Nc5 Ke7 42. Na6 Kf8 43. Bh7 Ne8 44. Bg6 Bf2 45. Bxe8 Kxe8
46. Nxc7+ Ke7 47. Nb5 Bb6 48. Kf3 h5 49. h3 Kd8 50. Nd6 Kc7 51. Nf7 g4+ 52.
hxg4 hxg4+ 53. Kxg4 Kxc6 54. Kg5 Kd5 55. Kg4 Bc7 56. Ng5 Bxe5 57. Nxe6 Kxe6
1/2-1/2

[Event "U.S. Amateur North"]
[Site "Detroit, MI"]
[Date "1997.05.25"]
[Round "4.1"]
[White "Jarosz, Stan"]
[Black "Garrison, Ray"]
[Result "1-0"]
[WhiteElo "2035"]
[BlackElo "1911"]
[PlyCount "89"]
[EventDate "1997.05.24"]

1. d4 Nf6 2. Nf3 e6 3. c4 d6 4. Nc3 c5 5. e4 cxd4 6. Nxd4 Nc6 7. Be2 Qb6 8.
Ndb5 Ne5 9. Be3 Qc6 10. Nxa7 Rxa7 11. Bxa7 Nxe4 12. Nxe4 Qxe4 13. O-O Bd7 14.
Bd4 Ng6 15. Bf3 Qf4 16. Bxb7 e5 17. Be3 Qxc4 18. Bd5 Qb5 19. Qb3 Qxb3 20. Bxb3
f5 21. f3 Bc6 22. Rfd1 Kd7 23. Bd5 Bxd5 24. Rxd5 Kc6 25. Rd3 d5 26. Rc1+ Kd6
27. Bc5+ Ke6 28. Bxf8 Rxf8 29. Rc6+ Kd7 30. Rdc3 d4 31. Rc7+ Kd6 32. R3c6+ Kd5
33. Rc5+ Kd6 34. R7c6+ Kd7 35. Ra6 Re8 36. g3 f4 37. b4 fxg3 38. hxg3 Rf8 39.
Kg2 Rd8 40. Rd5+ Ke8 41. Rxd8+ Kxd8 42. Ra7 Ne7 43. b5 h5 44. b6 Nd5 45. Ra8+
1-0

[Event "U.S. Amateur North"]
[Site "Detroit, MI"]
[Date "1997.05.25"]
[Round "4.14"]
[White "Iyer, Krishnan"]
[Black "Steen, Harold"]
[Result "0-1"]
[WhiteElo "1494"]
[BlackElo "1783"]
[PlyCount "124"]
[EventDate "1997.05.24"]

1. e4 c5 2. Nf3 e6 3. d4 cxd4 4. Nxd4 Nf6 5. Nc3 a6 6. g4 d6 7. g5 Nfd7 8. f4
Nc6 9. Nf3 h6 10. Be3 hxg5 11. Nxg5 Nf6 12. Bg2 Qc7 13. Qd2 b5 14. O-O Ng4 15.
h3 Nxe3 16. Qxe3 f6 17. Nf3 Bb7 18. f5 Bc8 19. Nd4 Nxd4 20. Qxd4 e5 21. Qd3 Bb7
22. Nd5 Qc5+ 23. Kh2 Bxd5 24. Qxd5 Qxd5 25. exd5 Rc8 26. c3 Be7 27. Rac1 Bd8
28. Rc2 Bb6 29. Re1 a5 30. Rce2 b4 31. cxb4 axb4 32. b3 Rc3 33. Re4 Bc5 34.
R4e2 Rh4 35. Re4 Rxe4 36. Bxe4 Bf2 37. Re2 Bg3+ 38. Kg2 Bh4 39. Bf3 Rd3 40. Rc2
Kd7 41. Re2 Rd4 42. Be4 Rd1 43. Bf3 Re1 44. Re4 Rxe4 45. Bxe4 Kc7 46. Kf3 Kb6
47. Kg4 Bg5 48. Kh5 Kc5 49. Kg6 Kd4 50. Bg2 Bh6 51. Kf7 e4 52. Ke6 Bf4 53. Bf1
e3 54. Be2 Kc3 55. Kd7 Kb2 56. Kc6 Kxa2 57. Bc4 e2 58. Bxe2 Kxb3 59. Bd1+ Kc3
60. Kd7 b3 61. Bxb3 Kxb3 62. Ke7 Kc4 0-1

[Event "Chicago Open U2200"]
[Site "Schaumburg, IL"]
[Date "1997.05.25"]
[Round "4"]
[White "Howell, Rodney"]
[Black "Aldrich, Jeff"]
[Result "1-0"]
[WhiteElo "2000"]
[BlackElo "2065"]
[PlyCount "89"]
[EventDate "1997.05.23"]

1. d4 d5 2. c4 c6 3. cxd5 cxd5 4. Nf3 Nc6 5. Nc3 Nf6 6. Bf4 Bg4 7. e3 a6 8. Be2
e6 9. h3 Bh5 10. O-O Bd6 11. Bxd6 Qxd6 12. Rc1 O-O 13. Re1 Rac8 14. Na4 Nd7 15.
Nc5 Nxc5 16. dxc5 Qe7 17. Qd2 Bxf3 18. gxf3 Rfd8 19. b4 Qh4 20. Bf1 d4 21. e4
Ne5 22. Bg2 Ng6 23. e5 f5 24. exf6 Qxf6 25. Re4 e5 26. Rce1 Rf8 27. a4 Nf4 28.
Bf1 Rc6 29. Rxe5 Qh4 30. Re8 Rg6+ 31. Kh2 Rxe8 32. Rxe8+ Kf7 33. Re4 Rf6 34.
Qxd4 Qh6 35. Qd7+ Kg6 36. Qg4+ Qg5 37. Qxg5+ Kxg5 38. b5 axb5 39. axb5 Kh6 40.
Rc4 Nd5 41. Rd4 Nc3 42. Rd6 Kg5 43. Rxf6 Kxf6 44. c6 bxc6 45. b6 1-0

[Event "U.S. Amateur North"]
[Site "Detroit, MI"]
[Date "1997.05.25"]
[Round "5.32"]
[White "Hooker, Larry"]
[Black "Goode, Randy"]
[Result "1/2-1/2"]
[WhiteElo "1067"]
[BlackElo "835"]
[PlyCount "117"]
[EventDate "1997.05.24"]

1. e4 c5 2. Nf3 e6 3. Nc3 d6 4. Bb5+ Bd7 5. Bxd7+ Nxd7 6. d4 cxd4 7. Qxd4 Qf6
8. Qxf6 Ngxf6 9. Nb5 Rc8 10. c3 a6 11. Nbd4 Nxe4 12. O-O Be7 13. Re1 Nef6 14.
Nc2 O-O 15. Rd1 d5 16. Bf4 Bc5 17. h3 Ne4 18. Be3 Ndf6 19. Ne5 Bxe3 20. Nxe3 g6
21. f3 Ng3 22. Kh2 Ngh5 23. Rd2 Kh8 24. g4 Ng7 25. g5 Nfh5 26. N3g4 f6 27. Nd7
Rf7 28. Ndxf6 Nf5 29. Re2 Nxf6 30. Nxf6 Rc6 31. Rae1 Ng7 32. Ng4 Rf5 33. Nh6
Rf4 34. Kg3 Rf8 35. Kf2 Nh5 36. Rxe6 Rxe6 37. Rxe6 Nf4 38. Rf6 Kg7 39. Rxf8
Kxf8 40. Kg3 Ne2+ 41. Kg4 Nc1 42. a3 Nd3 43. b3 Nc5 44. c4 dxc4 45. bxc4 b5 46.
cxb5 axb5 47. f4 Na4 48. f5 Nc3 49. fxg6 hxg6 50. h4 Nb1 51. h5 Nxa3 52. hxg6
b4 53. g7+ Kxg7 54. Nf5+ Kh7 55. Kh5 Kg8 56. Kh6 b3 57. g6 b2 58. Ne7+ Kf8 59.
g7+ 1/2-1/2

[Event "U.S. Amateur North"]
[Site "Detroit, MI"]
[Date "1997.05.25"]
[Round "5.9"]
[White "Hill, Brad"]
[Black "Coleman, John"]
[Result "1-0"]
[WhiteElo "1743"]
[BlackElo "1949"]
[PlyCount "81"]
[EventDate "1997.05.24"]

1. d4 Nf6 2. Bg5 e6 3. e4 Be7 4. e5 Nd5 5. Bxe7 Nxe7 6. Bd3 O-O 7. f4 d5 8. Nh3
Ng6 9. O-O b6 10. Nd2 Nc6 11. c3 Nce7 12. Qh5 f5 13. Rf3 Qe8 14. Rg3 Bd7 15.
Re1 Nh8 16. Qd1 Nf7 17. Nf3 g6 18. Nh4 Kh8 19. Ree3 Rg8 20. Nf3 h6 21. Re1 c5
22. Nf2 Bb5 23. Qd2 Bxd3 24. Nxd3 c4 25. Nc1 Rg7 26. h4 Nc6 27. Kf2 Qe7 28. Rh1
Kg8 29. Ne2 Kf8 30. h5 g5 31. fxg5 Nxg5 32. Nxg5 Rxg5 33. Nf4 Kf7 34. Ng6 Qd8
35. Rhh3 a6 36. Qf4 b5 37. Rf3 Ke8 38. g4 Ne7 39. gxf5 Nxf5 40. Nh4 Nxh4 41.
Qf7# 1-0

[Event "U.S. Amateur North"]
[Site "Detroit, MI"]
[Date "1997.05.25"]
[Round "4.19"]
[White "Grzegorczyk, Ron"]
[Black "Schell, Ken"]
[Result "1/2-1/2"]
[WhiteElo "1642"]
[BlackElo "1697"]
[PlyCount "64"]
[EventDate "1997.05.24"]

1. e4 d5 2. exd5 Nf6 3. d4 Nxd5 4. Nf3 Bg4 5. Be2 e6 6. Be3 Be7 7. O-O O-O 8.
Nc3 Nd7 9. Nxd5 exd5 10. c3 Nf6 11. Ne5 Bxe2 12. Qxe2 Re8 13. f3 Bd6 14. Bg5 h6
15. Bh4 c6 16. Rfe1 Qc7 17. Qd2 Re6 18. Bxf6 Rxf6 19. Re2 Re8 20. Rae1 Rfe6 21.
Ng4 Rxe2 22. Rxe2 Rxe2 23. Qxe2 h5 24. Qe8+ Bf8 25. Ne5 Qe7 26. Qxe7 Bxe7 27.
g3 f6 28. Nd3 g5 29. Kf2 Kf7 30. h3 Bd6 31. b3 b5 32. b4 Kg6 1/2-1/2

[Event "U.S. Amateur North"]
[Site "Detroit, MI"]
[Date "1997.05.25"]
[Round "5.16"]
[White "Grzegorczyk, Ron"]
[Black "Henry, Robynne"]
[Result "0-1"]
[WhiteElo "1642"]
[BlackElo "876"]
[PlyCount "108"]
[EventDate "1997.05.24"]

1. e4 e5 2. Nf3 d6 3. Be2 Be7 4. Nc3 Bg4 5. d3 Nf6 6. h3 Be6 7. O-O O-O 8. Ng5
Qd7 9. f4 exf4 10. Bxf4 h6 11. Nxe6 Qxe6 12. Qd2 Nh7 13. Bg4 Qf6 14. Nd5 Qxb2
15. Nxe7+ Kh8 16. Nd5 Qa3 17. Nxc7 Qc5+ 18. Qe3 Qxc7 19. c4 Nd7 20. Qd4 Qb6 21.
Qxb6 Nxb6 22. Bxd6 Rfd8 23. Bc7 Rxd3 24. Rxf7 Ng5 25. Be5 Nxf7 26. Bc7 Nxc4 27.
Be6 Ng5 28. Bxc4 Rc3 29. Bd5 Rxc7 30. Rb1 Rb8 31. e5 Re7 32. e6 b6 33. Re1 Rbe8
34. Kf2 g6 35. h4 Nh7 36. Bc6 Rf8+ 37. Kg3 Nf6 38. Kh3 Ne8 39. Bd7 Nf6 40. Rf1
Kg7 41. Rd1 Nxd7 42. exd7 Rd8 43. Rf1 Rdxd7 44. g4 Re3+ 45. Kg2 Rd2+ 46. Kg1
Rg3+ 47. Kh1 Rxg4 48. h5 Rh4+ 49. Kg1 Rhh2 50. Rf2 Rhxf2 51. hxg6 h5 52. a4 h4
53. a5 bxa5 54. Kh1 Rd1# 0-1

[Event "U.S. Amateur North"]
[Site "Detroit, MI"]
[Date "1997.05.25"]
[Round "4.5"]
[White "Golonka, Stan"]
[Black "Croel, Duane"]
[Result "0-1"]
[WhiteElo "1917"]
[BlackElo "1767"]
[PlyCount "102"]
[EventDate "1997.05.24"]

1. c4 Nf6 2. Nc3 e5 3. g3 Bb4 4. Bg2 Nc6 5. e3 Bxc3 6. bxc3 d6 7. e4 Be6 8. d3
h6 9. Rb1 Rb8 10. Ne2 Qd7 11. h3 O-O 12. f4 exf4 13. gxf4 Qe7 14. O-O Nh5 15.
f5 Bd7 16. Nd4 Qh4 17. Qg4 Qxg4 18. hxg4 Nf6 19. g5 hxg5 20. Bxg5 Nh7 21. Bh4
Ne5 22. Rfd1 a6 23. Nf3 Ng4 24. Bh3 Ngf6 25. Kh2 Kh8 26. Rg1 Bc6 27. Ng5 Ba4
28. Rb4 Bd7 29. Rb2 c5 30. Nf3 Rg8 31. Rgb1 Bc6 32. Bg3 Rbd8 33. Nd2 Nh5 34.
Bh4 Rd7 35. Rg1 Nf4 36. Bf1 g5 37. fxg6 fxg6 38. Bg3 Rf7 39. d4 g5 40. d5 Be8
41. e5 dxe5 42. Ne4 Nf6 43. Nxf6 Rxf6 44. Bxf4 exf4 45. Rxb7 g4 46. Bd3 Rh6+
47. Kg2 Bh5 48. Re7 g3 49. Re6 Bg6 50. Bxg6 Rgxg6 51. Rxg6 Rxg6 {Remainder
unavailable} 0-1

[Event "U.S. Amateur North"]
[Site "Detroit, MI"]
[Date "1997.05.25"]
[Round "4.32"]
[White "Goerke, Jesse"]
[Black "Gillom, Donte"]
[Result "1-0"]
[WhiteElo "1152"]
[BlackElo "881"]
[PlyCount "88"]
[EventDate "1997.05.24"]

1. e4 e5 2. Nf3 Nc6 3. Nc3 d6 4. Bc4 Be7 5. d3 Nf6 6. h3 g6 7. Bh6 b6 8. Ng5
Qd7 9. Bxf7+ Kd8 10. Bg7 Re8 11. Be6 Qxe6 12. Nxe6+ Bxe6 13. Bxf6 Bxf6 14. O-O
Nd4 15. f4 exf4 16. Rxf4 Be5 17. Rh4 h5 18. Ne2 Nxe2+ 19. Qxe2 Bg3 20. Rxh5
gxh5 21. Qxh5 Be5 22. c3 Bf6 23. Qg6 Rf8 24. g4 Ke7 25. Rf1 Rf7 26. d4 Raf8 27.
Qh5 c5 28. g5 Bg7 29. Rxf7+ Rxf7 30. g6 Rf6 31. Qg5 Kf8 32. e5 dxe5 33. dxe5
Ke7 34. exf6+ Bxf6 35. Qh6 Bxa2 36. g7 Bg8 37. Qg6 a5 38. Qg3 Kf7 39. Qc7+ Kg6
40. Qxb6 Kxg7 41. Qxc5 Be6 42. Qxa5 Bxh3 43. c4 Kg6 44. b4 Bd4+ {Remainder
illegible, 60?} 1-0

[Event "U.S. Amateur North"]
[Site "Detroit, MI"]
[Date "1997.05.25"]
[Round "5.35"]
[White "Goerke, Daniel"]
[Black "Smith, Tyrnn"]
[Result "1-0"]
[WhiteElo "869"]
[BlackElo "588"]
[PlyCount "55"]
[EventDate "1997.05.24"]

1. e4 e5 2. Nf3 Nc6 3. Bb5 Bc5 4. Bxc6 bxc6 5. Nxe5 Qf6 6. Nd3 d6 7. Nxc5 dxc5
8. Nc3 Nh6 9. Na4 Ng4 10. f3 Qg6 11. Nxc5 O-O 12. fxg4 Bxg4 13. O-O Bxd1 14.
Rxd1 Rae8 15. Nd7 Rxe4 16. Nxf8 Kxf8 17. d3 Qg4 18. Bd2 Re6 19. h3 Qe2 20. b3
Rg6 21. Bb4+ c5 22. Bxc5+ Kg8 23. Bf2 Qxc2 24. Re1 Kf8 25. Rac1 Qxa2 26. Bc5+
Rd6 27. Bxd6+ cxd6 28. Rc8# 1-0

[Event "U.S. Amateur North"]
[Site "Detroit, MI"]
[Date "1997.05.25"]
[Round "4.21"]
[White "Gentry, Loyd"]
[Black "McCarter, Robert"]
[Result "1-0"]
[WhiteElo "1670"]
[BlackElo "1680"]
[PlyCount "77"]
[EventDate "1997.05.24"]

1. e4 c5 2. Nf3 d6 3. a3 Nc6 4. Nc3 Nf6 5. Bc4 e6 6. Ba2 Be7 7. d3 O-O 8. Ne2
d5 9. e5 Nd7 10. Bf4 Qc7 11. c3 b5 12. O-O a5 13. Qc2 Ndxe5 14. Nxe5 Nxe5 15.
d4 cxd4 16. Nxd4 Nf3+ 17. Nxf3 Qxf4 18. Rad1 Bb7 19. Bb1 g6 20. Rd4 Qc7 21. Qd2
Bf6 22. Rg4 Bg7 23. h4 e5 24. h5 e4 25. hxg6 fxg6 26. Ng5 Qe5 27. Ba2 Bh6 28.
Re1 Kg7 29. f4 Qf5 30. Qd4+ Rf6 31. Rxe4 Bxg5 32. fxg5 dxe4 33. gxf6+ Qxf6 34.
Qd7+ Kh8 35. Qxb7 Rf8 36. Qxe4 Qf1+ 37. Kh2 h5 38. Qxg6 Rf6 39. Qg7# 1-0

[Event "U.S. Amateur North"]
[Site "Detroit, MI"]
[Date "1997.05.25"]
[Round "4.20"]
[White "Gentry, Bronson"]
[Black "Marinelli, Philip"]
[Result "0-1"]
[WhiteElo "1686"]
[BlackElo "1680"]
[PlyCount "78"]
[EventDate "1997.05.24"]

1. e4 g6 2. Bc4 e6 3. e5 d6 4. Qe2 Bg7 5. f4 Nd7 6. Nf3 Ne7 7. d4 O-O 8. O-O d5
9. Bd3 c5 10. c3 a6 11. Be3 Qa5 12. dxc5 b5 13. b4 Qc7 14. a4 bxa4 15. Rxa4 a5
16. Qf2 f6 17. Qh4 Nf5 18. Bxf5 exf5 19. Nd4 fxe5 20. Ne6 Qc6 21. Nxf8 Nxf8 22.
Rxa5 Rxa5 23. bxa5 d4 24. cxd4 exd4 25. Bf2 Qxc5 26. Qd8 Bb7 27. Qb6 Qd5 28.
Qxb7 Qxb7 29. Nd2 Qb4 30. Nf3 Qxa5 31. Nxd4 Qd5 32. Ne2 Qe4 33. Re1 Nd7 34. Nd4
Qxf4 35. Ne6 Qh6 36. Be3 Qh4 37. g3 Qb4 38. Kf2 Ne5 39. Ra1 Ng4+ 0-1

[Event "U.S. Amateur North"]
[Site "Detroit, MI"]
[Date "1997.05.25"]
[Round "5.12"]
[White "Garant, Justin"]
[Black "Sattler, Peter"]
[Result "1/2-1/2"]
[WhiteElo "1906"]
[BlackElo "1625"]
[PlyCount "100"]
[EventDate "1997.05.24"]

1. e4 e5 2. Nf3 Nc6 3. Bb5 a6 4. Ba4 Nf6 5. O-O b5 6. Bb3 Be7 7. Re1 d6 8. c3
O-O 9. d3 Bg4 10. Nbd2 Na5 11. Bc2 c5 12. h3 Bd7 13. Nf1 Nc6 14. d4 cxd4 15.
cxd4 Qc7 16. Be3 Rac8 17. d5 Na5 18. Rc1 Qb8 19. b3 h6 20. Qd2 Nb7 21. b4 Bd8
22. Ng3 a5 23. a3 Nh7 24. Bd3 Rxc1 25. Rxc1 Bc7 26. Nh4 Rc8 27. Nhf5 Bd8 28.
Rxc8 Qxc8 29. Bb6 axb4 30. axb4 Qa8 31. Be3 Bg5 32. Bxg5 Nxg5 33. h4 Nh7 34.
Qe2 Nf6 35. Bxb5 Qa1+ 36. Nf1 Bxf5 37. exf5 Nxd5 38. Bc6 Nf4 39. Qf3 Nd8 40. b5
Nxc6 41. bxc6 Qa5 42. Ne3 Qc5 43. g3 Nd3 44. Nd5 e4 45. Qxe4 Qxf2+ 46. Kh1 Qxg3
47. Qg2 Qxh4+ 48. Qh2 Qe4+ 49. Qg2 Qh4+ 50. Kg1 Qe1+ 1/2-1/2

[Event "U.S. Amateur North"]
[Site "Detroit, MI"]
[Date "1997.05.25"]
[Round "4.30"]
[White "Funderburg, James"]
[Black "Robinson, David"]
[Result "0-1"]
[WhiteElo "738"]
[BlackElo "1278"]
[PlyCount "56"]
[EventDate "1997.05.24"]

1. e4 d6 2. Nf3 Nf6 3. Nc3 g6 4. Bc4 Bg7 5. O-O c6 6. d4 O-O 7. Bf4 Bg4 8. e5
Nh5 9. Bg5 dxe5 10. dxe5 Qxd1 11. Raxd1 Bxf3 12. Bxe7 Bxd1 13. Bxf8 Kxf8 14.
Rxd1 Ke7 15. g4 Nf4 16. Rd4 Bxe5 17. Re4 Nd7 18. b4 Kf6 19. h4 Bxc3 20. Rxf4+
Ke5 21. Rxf7 Kd4 22. Bb3 Ne5 23. Rxb7 Nxg4 24. Rd7+ Ke4 25. f3+ Kf4 26. fxg4
Kxg4 27. Rxh7 Kg3 28. Kf1 Re8 0-1

[Event "U.S. Amateur North"]
[Site "Detroit, MI"]
[Date "1997.05.25"]
[Round "5.34"]
[White "Funderburg, James"]
[Black "Bhagwat, Samuel"]
[Result "0-1"]
[WhiteElo "738"]
[BlackElo "992"]
[PlyCount "42"]
[EventDate "1997.05.24"]

1. e4 e5 2. Nf3 Nf6 3. Nxe5 d6 4. Ng4 Bxg4 5. f3 Be6 6. Be2 Nc6 7. O-O Be7 8.
Nc3 O-O 9. d4 Re8 10. d5 Bd7 11. dxc6 Bxc6 12. f4 Bxe4 13. Nxe4 Nxe4 14. Bf3 d5
15. c4 Bc5+ 16. Kh1 Nf2+ 17. Kg1 Nxd1+ 18. Kh1 Ne3 19. Re1 Nc2 20. Rxe8+ Qxe8
21. Rb1 Qe1# 0-1

[Event "U.S. Amateur North"]
[Site "Detroit, MI"]
[Date "1997.05.25"]
[Round "5.18"]
[White "Evans Jr., Thomas"]
[Black "Moore, Robert"]
[Result "1-0"]
[WhiteElo "1299"]
[BlackElo "1716"]
[PlyCount "93"]
[EventDate "1997.05.24"]

1. d4 g6 2. c4 d6 3. e3 Bg7 4. Nf3 Nd7 5. Nc3 e5 6. Be2 f5 7. O-O Ngf6 8. b3
O-O 9. Bb2 h6 10. Rb1 exd4 11. exd4 Re8 12. Na4 Nf8 13. Nc3 Bd7 14. d5 c6 15.
dxc6 Bxc6 16. Ba3 Qa5 17. Bb2 Ne4 18. Nxe4 Bxe4 19. Bd3 Ne6 20. Bxg7 Kxg7 21.
Bxe4 fxe4 22. Nd4 Nxd4 23. Qxd4+ Qe5 24. Rbd1 Qxd4 25. Rxd4 Rad8 26. Re1 Kf6
27. Rexe4 Rxe4 28. Rxe4 d5 29. Rd4 Re8 30. Kf1 Rd8 31. cxd5 Ke5 32. Rd2 Rxd5
33. Rxd5+ Kxd5 34. Ke2 Ke4 35. f3+ Kf4 36. g3+ Kf5 37. Ke3 g5 38. Kd4 h5 39.
Kd5 h4 40. Kd6 h3 41. a4 b6 42. Kc7 Ke5 43. Kb7 Kd4 44. Kxa7 Ke3 45. Kxb6 Kxf3
46. a5 Kg2 47. a6 1-0

[Event "U.S. Amateur North"]
[Site "Detroit, MI"]
[Date "1997.05.25"]
[Round "5.30"]
[White "Davis, Terry"]
[Black "Smalec, Joseph"]
[Result "1/2-1/2"]
[WhiteElo "921"]
[BlackElo "1121"]
[PlyCount "55"]
[EventDate "1997.05.24"]

1. d4 d5 2. c4 Nc6 3. Nc3 Nf6 4. Bg5 e5 5. e3 Bb4 6. Nge2 Be6 7. c5 O-O 8. a3
Bxc3+ 9. Nxc3 Qe7 10. Bb5 a6 11. Bxc6 bxc6 12. b4 Rab8 13. Rb1 Bd7 14. a4 exd4
15. Bxf6 Qxf6 16. Qxd4 Qxd4 17. exd4 Rfe8+ 18. Ne2 a5 19. Rb2 Rxb4 20. Rxb4
axb4 21. Kd2 b3 22. Rb1 Bc8 23. Rxb3 Ba6 24. Re3 Rb8 25. Kc3 Kf8 26. f4 Bc4 27.
Nc1 Bf1 28. Rg3 1/2-1/2

[Event "U.S. Amateur North"]
[Site "Detroit, MI"]
[Date "1997.05.25"]
[Round "5.7"]
[White "Dangremond, Leonard"]
[Black "Gentry, Loyd"]
[Result "1/2-1/2"]
[WhiteElo "1989"]
[BlackElo "1670"]
[PlyCount "68"]
[EventDate "1997.05.24"]

1. e4 c5 2. Nf3 Nc6 3. d4 cxd4 4. Nxd4 Nf6 5. Nc3 e6 6. Be3 Bb4 7. Bd3 d5 8.
exd5 Qxd5 9. O-O Bxc3 10. bxc3 O-O 11. Re1 Nxd4 12. cxd4 b6 13. c4 Qc6 14. Bg5
Bb7 15. f3 Qd7 16. Be3 Rad8 17. Qb3 Qe7 18. Rac1 Nh5 19. c5 bxc5 20. dxc5 Bd5
21. Qc2 Nf6 22. a4 Bc6 23. Bb5 Bxb5 24. axb5 Nd5 25. Bf2 Nb4 26. Qc4 Nd3 27. c6
Nxe1 28. Rxe1 Rc8 29. Bc5 Qc7 30. Bxf8 Kxf8 31. Qc5+ Qe7 32. Qxe7+ Kxe7 33. Ra1
Rc7 34. Kf2 Kd6 1/2-1/2